National accounts of OECD countries 1996-2007

Enregistré dans:
Détails bibliographiques
Format: Livre
Langue:anglais
français
Publié: Paris OECD 2009
Sujets:
Tags: Ajouter un tag
Pas de tags, Soyez le premier à ajouter un tag!

MARC

LEADER 00000nam a2200000 4500
001 0093009
005 20240104120820.1
020 |a 978-92-64-05839-2 
041 0 |a eng 
041 0 |a fre 
044 |a FR 
245 1 0 |a National accounts of OECD countries 1996-2007 
264 1 |a Paris  |b OECD  |c 2009 
300 |a 391 s. 
610 2 0 |a účty národné 
610 2 0 |a účtovníctvo národné 
610 2 0 |a údaje štatistické 
610 2 0 |a porovnanie medzinárodné 
610 2 0 |a údaje štatistické medzinárodné